000 00589nam a2200181Ia 4500
008 151202s9999||||xx |||||||||||||| ||und||
082 _bPNVM-54317
100 _aक्षेत्रमाडे सुमती.
245 _aमैथिली.
260 _b"मनोरंजन प्रकाशन,मुंबई."
260 _c1982
300 _a524
600 _aक्षेत्रमाडे सुमती.
630 _aमैथिली.
700 _aक्षेत्रमाडे सुमती.
730 _aमैथिली.
942 _cBOOK
999 _c1320856
_d1320853